| 000 | 00372nam a2200157Ia 4500 | ||
|---|---|---|---|
| 003 | 0STCL | ||
| 008 | 150530s9999 xx 000 0 und d | ||
| 040 |
_aSTCL _cSTCL |
||
| 100 | _aHotchandani,S. | ||
| 245 | _aIndian Journal of Chemistry February 2004 No.4 Vol-43B | ||
| 260 | _c0 | ||
| 546 | _aEnglish | ||
| 942 |
_2ddc _cBK |
||
| 999 |
_c19355 _d19355 |
||
| 005 | 20220125165841.0 | ||